Wildlife ecology and management / (Registro nro. 4764)

Detalles MARC
000 -CABECERA
Campo de control 00841pam a2200241 i 4500
005 - FECHA Y HORA DE LA ULTIMA TRANSACCION
Campo de control 20200104041552.0
008 - ELEMENTOS DE LONGITUD FIJA—INFORMACION GENERAL
Campo de control 931018s1994 mauab rb 001 0 eng d
020 ## - ISBN
ISBN 0865421447
040 ## - FUENTE DE CATALOGACIÓN
Agencia catalogadora original DLC
Agencia transcriptora DLC
Agencia Modificadora CO-BoIAVH
041 ## - IDIOMA
Código de idioma para texto/pista de sonido o título separado Inglés
044 ## - PAÍS DE PUBLICACIÓN
País de publicación Estados Unidos
082 00 - NUMERO DE CLASIFICACION DECIMAL DEWEY
Número de clasificación 639.9
Número del ítem C37w
100 1# - ASIENTO PRINCIPAL--NOMBRE PERSONAL
Nombre personal Caughley, Graeme
9 (RLIN) 22233
245 10 - MENCION DE TITULO
Título Wildlife ecology and management /
Mención de responsabilidad Graeme Caughley, Anthony R.E. Sinclair.
260 ## - PUBLICACION, DISTRIBUCION, ETC. (PIE DE IMPRENTA)
Lugar de publicación, distribución, etc. Boston :
Nombre del editor, distribuidor, etc. Blackwell Scientific Publications,
Fecha de publicación, distribución, etc. 1994.
300 ## - DESCRIPCION FISICA
Extensión x, 334 páginas :
Otros detalles físicos ilustraciones y mapas ;
Dimensiones 26 cm.
504 ## - NOTA DE BIBLIOGRAFIA, ETC.
Nota de bibliografía Incluye referencias bibliográficas e índice.
650 14 - ASIENTO SECUNDARIO DE MATERIA - TERMINO TEMATICO
Término temático o nombre geográfico como elemento de entrada Gestión de la vida silvestre
9 (RLIN) 46779
650 24 - ASIENTO SECUNDARIO DE MATERIA - TERMINO TEMATICO
Término temático o nombre geográfico como elemento de entrada Conservación de la vida silvestre
9 (RLIN) 158
650 24 - ASIENTO SECUNDARIO DE MATERIA - TERMINO TEMATICO
Término temático o nombre geográfico como elemento de entrada Ecología animal
9 (RLIN) 46781
700 1# - ASIENTO SECUNDARIO - NOMBRE PERSONAL
Nombre personal Sinclair, A. R. E.
Forma más completa del nombre (Anthony Ronald Entrican)
9 (RLIN) 46782
942 ## - ELEMENTOS ADICIONALES (KOHA)
Sistema de clasificación Dewey Decimal Classification
Tipo de ítem Libro
Existencias
Withdrawn status Lost status Sistema de Clasificación Damaged status No para préstamo Colección Inventariado Ubicación Permanente Ubicación actual Fecha de adquisición Fuente de Valor Valor Total Checkouts Número topográfico Inventario / Código de Barras Date last seen Ejemplar Price effective from Tipo de material
    Dewey Decimal Classification     General Inventariado 2017 Bogotá Bogotá 08/11/2005 Instituto 39000.00   LB-639.9 C37w 022054 04/12/2012 Ej. 1 04/12/2012 Libro